Musée Balzac – château de saché 1799 – 2019 Balzac Honoré par la Touraine (notice n° 1597492)

détails MARC
000 -LEADER
fixed length control field 02021cam a2200169 4500500
005 - DATE AND TIME OF LATEST TRANSACTION
control field 20251228074314.0
041 ## - LANGUAGE CODE
Language code of text/sound track or separate title fre
042 ## - AUTHENTICATION CODE
Authentication code dc
100 10 - MAIN ENTRY--PERSONAL NAME
Personal name Lamy, Isabelle
Relator term author
245 00 - TITLE STATEMENT
Title Musée Balzac – château de saché 1799 – 2019 Balzac Honoré par la Touraine
260 ## - PUBLICATION, DISTRIBUTION, ETC.
Date of publication, distribution, etc. 2019.<br/>
500 ## - GENERAL NOTE
General note 84
520 ## - SUMMARY, ETC.
Summary, etc. Cette première étude approfondie d’ Un homme d’affaires, la dernière et la plus incompréhensible des nouvelles de Balzac, décrit comment et pourquoi une telle œuvre sur « la bataille incessante […] entre les créanciers et les débiteurs » a pu recevoir sa prépublication dans Le Siècle, grand journal à bon marché. Cet alpha et oméga, un sujet compliqué et un lectorat simple, nous rend possible une lecture double : l’article déchiffre la nouvelle (janvier 1844) et l’utilise pour démontrer que le Balzac d’ Esther et de David Séchard (mi-1843) était déjà celui de La Cousine Bette (1846). En effet, Balzac visait à la fois la « masse lisante » et les « quelques-uns » – une écriture double.
520 ## - SUMMARY, ETC.
Summary, etc. This first article-length study of Un homme d’affaires , the last and most incomprehensible of Balzac’s short stories, describes how and why such a work on « the incessant battle ... between creditors and debtors » could have received its original publication in Le Siècle , the highest circulation French newspaper of its day. This alpha and omega, a complex subject and an unsophisticated readership, makes possible a double reading: the article analyzes the story (January 1844) and then uses it to show that the Balzac of Esther and David Séchard (mid-1843) had already become that of La Cousine Bette (1846). In fact, Balzac targeted both the « reading masses » and the « sophisticated few » – a double text.
786 0# - DATA SOURCE ENTRY
Note L'Année balzacienne | 20 | 1 | 2019-10-25 | p. 537c-549c | 0084-6473
856 41 - ELECTRONIC LOCATION AND ACCESS
Uniform Resource Identifier <a href="https://shs.cairn.info/revue-l-annee-balzacienne-2019-1-page-537c?lang=fr&redirect-ssocas=7080">https://shs.cairn.info/revue-l-annee-balzacienne-2019-1-page-537c?lang=fr&redirect-ssocas=7080</a>

Pas d'exemplaire disponible.

PLUDOC

PLUDOC est la plateforme unique et centralisée de gestion des bibliothèques physiques et numériques de Guinée administré par le CEDUST. Elle est la plus grande base de données de ressources documentaires pour les Étudiants, Enseignants chercheurs et Chercheurs de Guinée.

Adresse

627 919 101/664 919 101

25 boulevard du commerce
Kaloum, Conakry, Guinée

Réseaux sociaux

Powered by Netsen Group @ 2025